Области и задачи применения гидрогеохимического метода поисков рудных месторождений; Геохимические поиски месторождений цветных металлов

Manylion Llyfryddiaeth
Parent link:Геохимические поиски месторождений цветных металлов.— 1977.— С. 28-32
Prif Awdur: Шварцев С. Л. Степан Львович
Awduron Eraill: Удодов П. А. Павел Афанасьевич, Рассказов Н. М. Николай Михайлович
Crynodeb:В фонде НТБ ТПУ отсутствует
Iaith:Rwseg
Cyhoeddwyd: 1977
Pynciau:
Fformat: MixedMaterials Pennod Llyfr
KOHA link:https://koha.lib.tpu.ru/cgi-bin/koha/opac-detail.pl?biblionumber=595315

MARC

LEADER 00000naa0a2200000 4500
001 595315
005 20250227120446.0
035 |a (RuTPU)RU\TPU\tpu\16143 
090 |a 595315 
100 |a 20090507d1977 k y0rusy50 ca 
101 0 |a rus 
102 |a RU 
200 1 |a Области и задачи применения гидрогеохимического метода поисков рудных месторождений   |f С. Л. Шварцев, П. А. Удодов, Н. М. Рассказов 
333 |a В фонде НТБ ТПУ отсутствует 
463 |t Геохимические поиски месторождений цветных металлов  |v С. 28-32   |d 1977 
610 1 |a труды учёных ТПУ 
700 1 |a Шварцев  |b С. Л.  |c российский гидрогеолог, доктор геолого-минералогических наук  |c профессор Томского политехнического университета, академик РАЕН  |f 1936-  |g Степан Львович  |3 (RuTPU)RU\TPU\pers\25914  |4 070 
701 1 |a Удодов  |b П. А.  |c российский ученый  |c геохимик  |c профессор Томского политехнического института  |f 1903-1981  |g Павел Афанасьевич  |3 (RuTPU)RU\TPU\pers\9241  |4 070 
701 1 |a Рассказов  |b Н. М.  |c доктор геолого-минералогических наук  |c профессор Томского политехнического университета  |f 1932-  |g Николай Михайлович  |3 (RuTPU)RU\TPU\pers\22123  |4 070 
801 1 |a RU  |b 63413507  |c 20090507  |g PSBO 
801 2 |a RU  |b 63413507  |c 20100414  |g PSBO 
942 |c BK